| 000 | 00370nam a2200145Ia 4500 | ||
|---|---|---|---|
| 008 | 240624s9999 xx 000 0 und d | ||
| 041 | _aeng | ||
| 082 | _a332.63 KOL | ||
| 100 | _aKOLLER TIM | ||
| 245 | _aVALUATION MEASURING AND MANAGING THE VAL | ||
| 250 | _a(6th ed.) | ||
| 260 |
_c2015 _aNew Jersey _bWiley |
||
| 300 | _axvii, : 871 : p. : cm. ; 25 | ||
| 365 |
_c _b30 |
||
| 999 |
_c26886 _d26886 |
||